000 00739 a2200241 4500
003 OSt
005 20230728083537.0
008 230214s2017 mx ad||f |||| 001 0 spa d
020 _a9786076228005
040 _cCHAP
082 0 0 _222
_a610.28
_bT31
100 1 _9187691
_aTerán Pérez, David Moises
245 1 0 _aBioingeniería /
_cpor David Moisés Terán Pérez
264 1 _aMéxico:
_bAlfaomega,
_c2017.
300 _a424 páginas:
_bIlustraciones, gráficas
490 1 _aIngeniería.
504 _aIncluye índice y bibliografía
650 4 _912750
_aBioingeniería
650 4 _9139215
_aBioquímica
650 4 _9145359
_aIngeniería biomédica
830 _9187692
_aIngeniería.
_pNuevas tecnologías
942 _cLIBRO
_2ddc
999 _c218336
_d218336